000 00355 a2200109 4500
001 ART_58282
005 20260410162016.0
008 260409a
245 1 0 _aUn importante fallo de la Corte Suprema de la Nación.
100 1 _aGrappasonno, Nicolás
773 0 _tTemas de derecho administrativo
_g- Año 8, N° 4 (abr. 2023)
_wREV40468
999 _c32669
_d32669